[Event "Subotica City-ch"]
[Site "Subotica"]
[Date "2019.02.25"]
[Round "1"]
[White "Kovacs, Istvan A"]
[Black "Stojanovski, Zdravko"]
[Result "0-1"]
[WhiteElo "1830"]
[BlackElo "2107"]
[PlyCount "116"]
[EventDate "2019.02.25"]
[EventType "swiss"]
[EventRounds "9"]
[EventCountry "SRB"]
[SourceTitle "CBM 189 Extra"]
[Source "ChessBase"]
[SourceDate "2019.06.03"]
[SourceVersion "1"]
[SourceVersionDate "2019.06.03"]
[SourceQuality "1"]

1. d4 d6 2. Bf4 Nd7 3. Nf3 g6 4. e3 Bg7 5. c3 Ngf6 6. Nbd2 0-0 7. Be2 c5 8. 0-0 b6 9. Qa4 a6 10. Ng5 b5 11. Qc2 h6 12. Nge4 Nxe4 13. Nxe4 f5 14. Nd2 e5 15. dxe5 dxe5 16. Bg3 Bb7 17. f3 Qc7 18. e4 c4 19. b3 cxb3 20. Qxb3+ Kh8 21. exf5 gxf5 22. c4 f4 23. Bh4 e4 24. Rac1 Qb6+ 25. Kh1 exf3 26. Bxf3 Bxf3 27. Nxf3 Nc5 28. Qd1 b4 29. Qd5 Rac8 30. Nd4 Nd3 31. c5 Rxc5 32. Rxc5 Qxc5 33. Qxc5 Nxc5 34. Nc6 Bc3 35. g3 f3 36. Be7 Rc8 37. Bxc5 Rxc6 38. Be3 Rf6 39. Bf4 Kh7 40. Rxf3 Bd2 41. Kg2 Bxf4 42. gxf4 Kg6 43. Kg3 Rc6 44. f5+ Kf6 45. Rb3 a5 46. Kf4 Rc4+ 47. Ke3 Kxf5 48. a3 Rh4 49. Kf2 Rxh2+ 50. Kg3 Ra2 51. axb4 a4 52. Rb1 Ra3+ 53. Kh4 Rb3 54. Rf1+ Ke6 55. Rf4 a3 56. Rc4 a2 57. Rc6+ Kf5 58. Ra6 Rxb4+ 0-1

[Event "Palic Karadzic Memorial op"]
[Site "Palic"]
[Date "2017.11.01"]
[Round "6"]
[White "Samani, Yamac"]
[Black "Stojanovski, Zdravko"]
[Result "1/2-1/2"]
[WhiteElo "2286"]
[BlackElo "2040"]
[PlyCount "57"]
[EventDate "2017.10.28"]
[EventType "swiss"]
[EventRounds "9"]
[EventCountry "SRB"]
[SourceTitle "CBM 181 Extra"]
[Source "ChessBase"]
[SourceDate "2017.12.12"]
[SourceVersion "1"]
[SourceVersionDate "2017.12.12"]
[SourceQuality "1"]

1. e4 Nc6 2. Nf3 e6 3. d4 d5 4. Nbd2 Nf6 5. e5 Ne4 6. c3 f5 7. exf6 Nxf6 8. Bd3 Bd6 9. 0-0 0-0 10. Re1 Ng4 11. h3 Nh6 12. Nf1 Nf5 13. Qc2 h6 14. N1h2 Nh4 15. Ne5 Nxe5 16. dxe5 Bc5 17. Rf1 Bd7 18. Qe2 Nf5 19. Kh1 Qh4 20. Nf3 Qh5 21. Kh2 Qf7 22. Bxf5 Qxf5 23. Nd4 Bxd4 24. cxd4 a6 25. a4 b5 26. b3 bxa4 27. bxa4 Rfb8 28. Be3 Rb4 29. Rfc1 1/2-1/2